[Event "Quebec-ch U12"]
[Site "Montreal CAN"]
[Date "2012.11.24"]
[Round "3"]
[White "Saint Cyr, Xavier"]
[Black "Johnson-Constantin, Mathieu"]
[Result "1-0"]
[WhiteElo "1302"]
[BlackElo "1411"]
[PlyCount "125"]
[GameId "2160767909411280"]
[EventDate "2012.11.23"]
[EventType "swiss"]
[EventRounds "5"]
[EventCountry "CAN"]
[SourceTitle "EXT 2022"]
[Source "ChessBase"]
[SourceDate "2021.10.06"]
[SourceVersion "1"]
[SourceVersionDate "2021.10.06"]
[SourceQuality "1"]

1. d4 Nf6 2. c4 g6 3. Nc3 Bg7 4. e4 d6 5. f4 b6 6. Nf3 Bb7 7. d5 O-O 8. Be2 c6 9. Be3 cxd5 10. cxd5 Nbd7 11. O-O Rc8 12. Qd2 Ng4 13. Bd4 Bxd4+ 14. Nxd4 Ndf6 15. f5 Ne5 16. Nf3 Qc7 17. Nxe5 Qc5+ 18. Kh1 dxe5 19. fxg6 fxg6 20. Rac1 Qb4 21. Bd3 a6 22. Rf3 Qd4 23. Qe2 b5 24. a3 Kg7 25. h3 Nh5 26. Re3 Rf6 27. Rd1 Qb6 28. Rf3 Rxf3 29. Qxf3 Rf8 30. Qg4 Rf4 31. Qg5 Qd6 32. g4 Qf6 33. Qxf6+ Nxf6 34. Kg2 Bc8 35. Ne2 Nxg4 36. hxg4 Rxg4+ 37. Kf3 Rh4 38. Rc1 Bg4+ 39. Ke3 Rh3+ 40. Kd2 h5 41. Rc6 a5 42. Bxb5 Rb3 43. Bd3 Rxb2+ 44. Rc2 Rxc2+ 45. Bxc2 h4 46. Ke3 h3 47. Ng3 Kh6 48. Bd3 Kg5 49. Bb5 Kh4 50. Kf2 Bc8 51. Be8 Kg5 52. Kf3 Kf6 53. Nh1 g5 54. Bh5 g4+ 55. Bxg4 Bxg4+ 56. Kxg4 h2 57. Kg3 Kg5 58. Kxh2 e6 59. d6 Kf6 60. Nf2 a4 61. Nd3 Kf7 62. Nxe5+ Kf6 63. Nc6 1-0

[Event "Quebec-ch U12"]
[Site "Montreal CAN"]
[Date "2012.11.24"]
[Round "3"]
[White "Wang, Kelly"]
[Black "Nazarov, Stephanie"]
[Result "1-0"]
[WhiteElo "1697"]
[BlackElo "925"]
[PlyCount "107"]
[GameId "2160767909411281"]
[EventDate "2012.11.23"]
[EventType "swiss"]
[EventRounds "5"]
[EventCountry "CAN"]
[SourceTitle "EXT 2022"]
[Source "ChessBase"]
[SourceDate "2021.10.06"]
[SourceVersion "1"]
[SourceVersionDate "2021.10.06"]
[SourceQuality "1"]

1. e4 c6 2. d4 d5 3. exd5 cxd5 4. Nc3 Nf6 5. Be2 Nc6 6. Be3 Bf5 7. a3 e6 8. Nf3 Bd6 9. O-O O-O 10. Bg5 a6 11. Qd2 Re8 12. Nh4 h6 13. Nxf5 exf5 14. Bxf6 Qxf6 15. Nxd5 Qxd4 16. Qxd4 Nxd4 17. Bd3 Rac8 18. c3 Nb3 19. Rae1 Rxe1 20. Rxe1 g6 21. Nf6+ Kg7 22. Ne8+ Kf8 23. Nxd6 Rd8 24. Bc4 Na5 25. Nxf7 Nxc4 26. Nxd8 b5 27. Ne6+ Kf7 28. Nc5 a5 29. Re2 a4 30. f4 Nd6 31. b3 axb3 32. Nxb3 Nc4 33. Ra2 Nb6 34. Nd4 Ke7 35. Nxb5 Kd7 36. a4 Kc6 37. Nd4+ Kc7 38. a5 Nc8 39. a6 Kb6 40. c4 h5 41. Ne6 h4 42. c5+ Kc6 43. a7 Nxa7 44. Rxa7 Kd5 45. Ra6 Kc4 46. c6 Kb5 47. c7 Kxa6 48. c8=Q+ Kb5 49. Qc5+ Ka4 50. Qb6 Ka3 51. Nc5 Ka2 52. Nd3 Ka3 53. Qb4+ Ka2 54. Qb2# 1-0

[Event "Quebec-ch U12"]
[Site "Montreal CAN"]
[Date "2012.11.24"]
[Round "3"]
[White "Yang, Eddie"]
[Black "Yip, William"]
[Result "1-0"]
[WhiteElo "1414"]
[BlackElo "1642"]
[PlyCount "73"]
[GameId "2160767909411282"]
[EventDate "2012.11.23"]
[EventType "swiss"]
[EventRounds "5"]
[EventCountry "CAN"]
[SourceTitle "EXT 2022"]
[Source "ChessBase"]
[SourceDate "2021.10.06"]
[SourceVersion "1"]
[SourceVersionDate "2021.10.06"]
[SourceQuality "1"]

1. d4 d5 2. c4 e6 3. Nc3 c6 4. cxd5 exd5 5. Nf3 Nf6 6. Bg5 Be7 7. e3 Bf5 8. Be2 Nbd7 9. O-O O-O 10. h3 Re8 11. Bd3 Ne4 12. Bxe7 Qxe7 13. Qc2 Bg6 14. Rab1 Rab8 15. b4 a6 16. a4 Nxc3 17. Qxc3 Nb6 18. a5 Bxd3 19. Qxd3 Nc4 20. Rfe1 Nd6 21. Ne5 f6 22. Ng4 Rbd8 23. f3 Nb5 24. Nf2 Qf8 25. Nd1 Qd6 26. Nc3 Nxc3 27. Qxc3 Re6 28. Qc5 Rde8 29. e4 Qc7 30. Rbc1 dxe4 31. d5 Re5 32. fxe4 Rxe4 33. Rxe4 Rxe4 34. dxc6 bxc6 35. Qxc6 Re1+ 36. Kf2 Rxc1 37. Qe8# 1-0

[Event "Quebec-ch U12"]
[Site "Montreal CAN"]
[Date "2012.11.24"]
[Round "3"]
[White "Zhang, Evan"]
[Black "Fan, Run Kun"]
[Result "1/2-1/2"]
[WhiteElo "1368"]
[BlackElo "1462"]
[PlyCount "73"]
[GameId "2160767909411283"]
[EventDate "2012.11.23"]
[EventType "swiss"]
[EventRounds "5"]
[EventCountry "CAN"]
[SourceTitle "EXT 2022"]
[Source "ChessBase"]
[SourceDate "2021.10.06"]
[SourceVersion "1"]
[SourceVersionDate "2021.10.06"]
[SourceQuality "1"]

1. e4 c5 2. Nf3 d6 3. d4 cxd4 4. Nxd4 Nf6 5. Nc3 g6 6. Be3 Bg7 7. Be2 O-O 8. Qd2 Nc6 9. O-O Ng4 10. Bxg4 Bxg4 11. f3 Bd7 12. f4 a6 13. Nxc6 Bxc6 14. Nd5 f5 15. Bb6 Qd7 16. exf5 Rxf5 17. Ne3 Rf7 18. Bd4 e5 19. fxe5 Rxf1+ 20. Rxf1 dxe5 21. Bc3 Qxd2 22. Bxd2 e4 23. b3 Rd8 24. Bb4 b6 25. Kf2 a5 26. Ba3 Bc3 27. Rd1 Rxd1 28. Nxd1 Bd4+ 29. Ke2 Kf7 30. c3 Be5 31. g3 h5 32. Ke3 Kf6 33. Bb2 Kf5 34. a4 h4 35. gxh4 Bxh2 36. Ba3 Bg1+ 37. Nf2 1/2-1/2

[Event "Quebec-ch U12"]
[Site "Montreal CAN"]
[Date "2012.11.25"]
[Round "4"]
[White "Fan, Run Kun"]
[Black "Gao, Christine"]
[Result "1-0"]
[WhiteElo "1462"]
[BlackElo "1296"]
[PlyCount "181"]
[GameId "2160767909411284"]
[EventDate "2012.11.23"]
[EventType "swiss"]
[EventRounds "5"]
[EventCountry "CAN"]
[SourceTitle "EXT 2022"]
[Source "ChessBase"]
[SourceDate "2021.10.06"]
[SourceVersion "1"]
[SourceVersionDate "2021.10.06"]
[SourceQuality "1"]

1. e4 c5 2. Nf3 d6 3. d4 cxd4 4. Nxd4 Nf6 5. Nc3 g6 6. Be2 Bg7 7. Be3 O-O 8. O-O b6 9. f4 Bb7 10. Bf3 d5 11. e5 Ne4 12. Nxe4 dxe4 13. Be2 Nc6 14. c3 Qc8 15. Bg4 e6 16. Nb5 Rd8 17. Nd6 Qc7 18. Qe1 Ne7 19. Rd1 Bf8 20. Bf2 Nf5 21. Bxf5 exf5 22. Bh4 Rd7 23. Qd2 Ba6 24. Qd5 Qc5+ 25. Qxc5 bxc5 26. c4 Rb8 27. b3 Rb6 28. Nb5 Bxb5 29. cxb5 Rd4 30. Bf2 Rxb5 31. Kh1 Rdb4 32. Be1 Rd4 33. Bc3 Rxd1 34. Rxd1 Rb7 35. Rd8 Kg7 36. e6+ f6 37. Rd7+ Rxd7 38. exd7 Be7 39. Ba5 Kf7 40. Kg1 Ke6 41. d8=Q Bxd8 42. Bxd8 Kd5 43. Kf2 Kd4 44. Bxf6+ Kd3 45. Be7 Kd4 46. Ke2 c4 47. bxc4 Kxc4 48. Ke3 a6 49. h3 Kd5 50. g4 Kc4 51. Bd6 Kd5 52. Bc7 Kc4 53. a4 Kd5 54. a5 Kc4 55. Bb6 Kd5 56. Kd2 Kc6 57. g5 Kd6 58. Kc3 Kd5 59. h4 Kc6 60. Kc4 Kd6 61. Kd4 Ke6 62. Kc5 e3 63. Kc6 e2 64. Bf2 Ke7 65. Be1 Ke6 66. Bb4 e1=Q 67. Bxe1 Ke7 68. Bc3 Ke8 69. Kb6 Kd7 70. Kxa6 Kc6 71. Ka7 Kc7 72. a6 Kc8 73. Kb6 Kb8 74. Kc6 Ka7 75. Kd6 Kxa6 76. Ke6 Kb6 77. Kf7 Kc6 78. Kg7 Kd7 79. Kxh7 Ke7 80. Kxg6 Kf8 81. h5 Kg8 82. Bb4 Kh8 83. Kxf5 Kg7 84. Ke6 Kg8 85. f5 Kg7 86. h6+ Kg8 87. g6 Kh8 88. Ke7 Kg8 89. Ba3 Kh8 90. Bb2+ Kg8 91. h7# 1-0

[Event "Quebec-ch U12"]
[Site "Montreal CAN"]
[Date "2012.11.25"]
[Round "4"]
[White "Johnson-Constantin, Mathieu"]
[Black "Marsault, Paul"]
[Result "1-0"]
[WhiteElo "1411"]
[BlackElo "924"]
[PlyCount "37"]
[GameId "2160767909411285"]
[EventDate "2012.11.23"]
[EventType "swiss"]
[EventRounds "5"]
[EventCountry "CAN"]
[SourceTitle "EXT 2022"]
[Source "ChessBase"]
[SourceDate "2021.10.06"]
[SourceVersion "1"]
[SourceVersionDate "2021.10.06"]
[SourceQuality "1"]

1. e4 e5 2. d4 Nc6 3. Nf3 Bd6 4. Bc4 Nf6 5. Nc3 O-O 6. O-O exd4 7. Nxd4 Qe8 8. Re1 Qe5 9. Nf3 Qe8 10. Bg5 Ng4 11. Nd5 f6 12. Nxf6+ Kh8 13. Nxe8 Rxe8 14. e5 Bc5 15. Re2 Ncxe5 16. Nxe5 Rxe5 17. Rxe5 Nxe5 18. Qd5 d6 19. Qg8# 1-0

[Event "Quebec-ch U12"]
[Site "Montreal CAN"]
[Date "2012.11.25"]
[Round "4"]
[White "Nazarov, Stephanie"]
[Black "Zhang, Evan"]
[Result "0-1"]
[WhiteElo "925"]
[BlackElo "1368"]
[PlyCount "58"]
[GameId "2160767909411286"]
[EventDate "2012.11.23"]
[EventType "swiss"]
[EventRounds "5"]
[EventCountry "CAN"]
[SourceTitle "EXT 2022"]
[Source "ChessBase"]
[SourceDate "2021.10.06"]
[SourceVersion "1"]
[SourceVersionDate "2021.10.06"]
[SourceQuality "1"]

1. e4 e5 2. Nf3 Nc6 3. Nc3 Bc5 4. Nxe5 Bxf2+ 5. Kxf2 Nxe5 6. d4 Ng6 7. e5 d6 8. exd6 cxd6 9. Bb5+ Bd7 10. Re1+ N8e7 11. Bxd7+ Qxd7 12. Nd5 O-O 13. Nxe7+ Nxe7 14. c3 Ng6 15. Be3 f5 16. g3 f4 17. gxf4 Nxf4 18. Bxf4 Rxf4+ 19. Kg3 Qf5 20. Kg2 Rg4+ 21. Qxg4 Qxg4+ 22. Kf2 Rf8+ 23. Ke3 Rf3+ 24. Kd2 Qf4+ 25. Kd1 Rf2 26. Re2 Qf3 27. Kc2 Qxe2+ 28. Kb3 Qxb2+ 29. Kc4 Qxa1 0-1

[Event "Quebec-ch U12"]
[Site "Montreal CAN"]
[Date "2012.11.25"]
[Round "4"]
[White "Saint Cyr, Xavier"]
[Black "Wang, Kelly"]
[Result "0-1"]
[WhiteElo "1302"]
[BlackElo "1697"]
[PlyCount "122"]
[GameId "2160767909411287"]
[EventDate "2012.11.23"]
[EventType "swiss"]
[EventRounds "5"]
[EventCountry "CAN"]
[SourceTitle "EXT 2022"]
[Source "ChessBase"]
[SourceDate "2021.10.06"]
[SourceVersion "1"]
[SourceVersionDate "2021.10.06"]
[SourceQuality "1"]

1. e4 c5 2. Nf3 Nc6 3. d4 cxd4 4. Nxd4 g6 5. Nc3 Bg7 6. Be3 Nf6 7. f3 O-O 8. Bc4 Qb6 9. Rb1 Nxe4 10. fxe4 Bxd4 11. Bh6 Bg7 12. Bxg7 Kxg7 13. Qd2 d6 14. h4 Bg4 15. Nd5 Qd8 16. Qf4 Ne5 17. Ne3 h5 18. Nxg4 Nxg4 19. Rd1 Qa5+ 20. Ke2 Qe5 21. Qxe5+ Nxe5 22. Bd5 Rac8 23. c3 b6 24. Rd4 Nd7 25. Ra4 a5 26. Ra3 Nf6 27. Rb3 Rb8 28. Kf3 Nxd5 29. exd5 b5 30. Re1 Kf6 31. Re4 Rfc8 32. Rf4+ Kg7 33. Re4 Kf8 34. Ke3 Ke8 35. Kd3 Kd7 36. Kd2 f6 37. g3 g5 38. hxg5 fxg5 39. Re6 Rc5 40. Rh6 Rxd5+ 41. Ke3 g4 42. Ke4 Re5+ 43. Kf4 Rc5 44. Rg6 a4 45. Ra3 b4 46. Rxa4 bxc3 47. bxc3 Rxc3 48. Rg5 Rf8+ 49. Ke4 Rh8 50. Raa5 Rxg3 51. Rxh5 Rxh5 52. Rxh5 Ra3 53. Rh2 g3 54. Rg2 e5 55. Kd5 Ke7 56. Rd2 Ra8 57. Rg2 Rg8 58. a4 Kd7 59. a5 Rg4 60. Rd2 g2 61. a6 g1=Q 0-1

[Event "Quebec-ch U12"]
[Site "Montreal CAN"]
[Date "2012.11.25"]
[Round "4"]
[White "Tinica, Sabina"]
[Black "Luo, Muhan"]
[Result "1/2-1/2"]
[WhiteElo "1110"]
[BlackElo "1386"]
[PlyCount "64"]
[GameId "2160767909411288"]
[EventDate "2012.11.23"]
[EventType "swiss"]
[EventRounds "5"]
[EventCountry "CAN"]
[SourceTitle "EXT 2022"]
[Source "ChessBase"]
[SourceDate "2021.10.06"]
[SourceVersion "1"]
[SourceVersionDate "2021.10.06"]
[SourceQuality "1"]

1. d4 Nf6 2. c4 e6 3. Nf3 d5 4. Bg5 Be7 5. Nc3 c6 6. e3 Nbd7 7. cxd5 exd5 8. Be2 Nb6 9. O-O Be6 10. Qc2 O-O 11. a3 Ng4 12. Bxe7 Qxe7 13. Rac1 Qd7 14. Ng5 Nf6 15. Nxe6 Qxe6 16. a4 Qe7 17. a5 Nbd7 18. Na4 Rac8 19. b3 Ne4 20. Bg4 f5 21. Bf3 Rf6 22. Bxe4 fxe4 23. Nc5 b6 24. axb6 axb6 25. Nxd7 Qxd7 26. b4 Rg6 27. Qe2 Qh3 28. f3 exf3 29. Qxf3 Qxf3 30. Rxf3 c5 31. bxc5 bxc5 32. dxc5 Rgc6 1/2-1/2

[Event "Quebec-ch U12"]
[Site "Montreal CAN"]
[Date "2012.11.25"]
[Round "4"]
[White "Yip, William"]
[Black "Saha, Ananda"]
[Result "0-1"]
[WhiteElo "1642"]
[BlackElo "1560"]
[PlyCount "86"]
[GameId "2160767909411289"]
[EventDate "2012.11.23"]
[EventType "swiss"]
[EventRounds "5"]
[EventCountry "CAN"]
[SourceTitle "EXT 2022"]
[Source "ChessBase"]
[SourceDate "2021.10.06"]
[SourceVersion "1"]
[SourceVersionDate "2021.10.06"]
[SourceQuality "1"]

1. d4 d5 2. c4 e6 3. Nc3 Nf6 4. Nf3 Be7 5. e3 Nbd7 6. Bd3 dxc4 7. Bxc4 O-O 8. O-O b6 9. Re1 Bb7 10. e4 h6 11. Qc2 Re8 12. Bf4 a6 13. Rad1 b5 14. Bf1 Bb4 15. a3 Ba5 16. b4 Bb6 17. h3 c6 18. Bd6 Bc7 19. Bc5 Nxc5 20. dxc5 Qe7 21. e5 Nd7 22. Qb2 f5 23. exf6 Nxf6 24. Nd4 Qf7 25. Qc2 a5 26. Ncxb5 cxb5 27. Bxb5 Re7 28. Bc4 Bd5 29. Bxd5 Nxd5 30. b5 Qf4 31. g3 Qf6 32. Qe4 Rf8 33. Qg2 Nc3 34. Rd3 Na4 35. Nb3 Qf5 36. Rd4 Nxc5 37. g4 Qc2 38. Nxc5 Qxc5 39. Rde4 Bb6 40. Rf1 Qxb5 41. a4 Qb2 42. Qg3 Ref7 43. Rxe6 Bxf2+ 0-1

[Event "Quebec-ch U12"]
[Site "Montreal CAN"]
[Date "2012.11.25"]
[Round "5"]
[White "Gao, Christine"]
[Black "Saint Cyr, Xavier"]
[Result "1/2-1/2"]
[WhiteElo "1296"]
[BlackElo "1302"]
[PlyCount "60"]
[GameId "2160767909411290"]
[EventDate "2012.11.23"]
[EventType "swiss"]
[EventRounds "5"]
[EventCountry "CAN"]
[SourceTitle "EXT 2022"]
[Source "ChessBase"]
[SourceDate "2021.10.06"]
[SourceVersion "1"]
[SourceVersionDate "2021.10.06"]
[SourceQuality "1"]

1. e4 e5 2. Nf3 Nc6 3. d4 exd4 4. Nxd4 Nxd4 5. Qxd4 d6 6. Bc4 Nf6 7. Nc3 Be6 8. Bxe6 fxe6 9. Bg5 e5 10. Qc4 Be7 11. O-O-O Qd7 12. f4 exf4 13. Bxf4 Ng4 14. Rd2 Bf6 15. Nd5 Rc8 16. Nxf6+ gxf6 17. Rf1 Qf7 18. Qxf7+ Kxf7 19. h3 Ne5 20. Bg5 Kg6 21. Bxf6 Rhf8 22. Rdf2 Nd7 23. Bc3 Rxf2 24. Rxf2 Re8 25. Rf4 Nc5 26. Rf6+ Kg5 27. Rf7 h5 28. Rxc7 Rxe4 29. Rg7+ Kh6 30. Kd1 a6 1/2-1/2

[Event "Quebec-ch U12"]
[Site "Montreal CAN"]
[Date "2012.11.25"]
[Round "5"]
[White "Luo, Muhan"]
[Black "Nazarov, Stephanie"]
[Result "1-0"]
[WhiteElo "1386"]
[BlackElo "925"]
[PlyCount "100"]
[GameId "2160767909411291"]
[EventDate "2012.11.23"]
[EventType "swiss"]
[EventRounds "5"]
[EventCountry "CAN"]
[SourceTitle "EXT 2022"]
[Source "ChessBase"]
[SourceDate "2021.10.06"]
[SourceVersion "1"]
[SourceVersionDate "2021.10.06"]
[SourceQuality "1"]

1. d4 d5 2. c4 e6 3. Nf3 Nf6 4. Nc3 Bb4 5. Qc2 Nc6 6. e3 O-O 7. Bd3 Re8 8. O-O h6 9. a3 Bxc3 10. bxc3 e5 11. cxd5 Nxd5 12. e4 Nf6 13. d5 Nb8 14. Be3 c6 15. c4 Re7 16. Rac1 Bg4 17. Nd2 Rc7 18. Qb2 c5 19. Qxe5 Re7 20. Qg3 Nbd7 21. f3 Bh5 22. Bxh6 Qf8 23. Bf4 Bg6 24. Bd6 Qe8 25. Bxe7 Qxe7 26. Qc7 b6 27. f4 Ne8 28. Qc6 Qd8 29. Bc2 Rc8 30. Qa4 a5 31. e5 Bxc2 32. Qxc2 Nf8 33. Qf5 Nc7 34. Rc3 Rb8 35. Rg3 g6 36. Ne4 Kh8 37. Rh3+ Nh7 38. Qf6+ Kg8 39. Qxd8+ Rxd8 40. Rb3 Rb8 41. Nxc5 Nf8 42. Re1 Na8 43. Rb5 Rc8 44. Na4 Nd7 45. e6 fxe6 46. dxe6 Nf6 47. c5 bxc5 48. Rxc5 Rf8 49. Rxa5 Nc7 50. Ra7 Nfe8 1-0

[Event "Quebec-ch U12"]
[Site "Montreal CAN"]
[Date "2012.11.25"]
[Round "5"]
[White "Marsault, Paul"]
[Black "Tinica, Sabina"]
[Result "1/2-1/2"]
[WhiteElo "924"]
[BlackElo "1110"]
[PlyCount "155"]
[GameId "2160767909411292"]
[EventDate "2012.11.23"]
[EventType "swiss"]
[EventRounds "5"]
[EventCountry "CAN"]
[SourceTitle "EXT 2022"]
[Source "ChessBase"]
[SourceDate "2021.10.06"]
[SourceVersion "1"]
[SourceVersionDate "2021.10.06"]
[SourceQuality "1"]

1. e4 c5 2. Bc4 d6 3. Nc3 Nf6 4. d3 g6 5. Nf3 Bg7 6. Be3 Bg4 7. h3 Bd7 8. Nd5 Nxd5 9. Bxd5 Nc6 10. Bxc6 Bxc6 11. Qe2 O-O 12. O-O-O Qb6 13. b3 Ba4 14. d4 Be8 15. dxc5 dxc5 16. a3 a5 17. Rd5 Rc8 18. Bg5 e6 19. Rdd1 Bc6 20. e5 Bxf3 21. gxf3 Qa6 22. c4 a4 23. Rd6 Rc6 24. Rxc6 Qxc6 25. bxa4 Qxa4 26. Kb2 Ra8 27. Ra1 Ra6 28. Bd8 Qd7 29. Rd1 Qa4 30. Ra1 Ra8 31. Bb6 Rc8 32. f4 Rc6 33. Bd8 Rc8 34. Be7 Qa6 35. Qd3 Qa8 36. Rd1 h6 37. h4 Bf8 38. Bxf8 Rxf8 39. Rg1 Rd8 40. Qc2 h5 41. f3 Rd4 42. f5 exf5 43. Qxf5 Qa6 44. Qc8+ Kg7 45. Qxc5 Qxc4 46. Qxc4 Rxc4 47. Rh1 Rf4 48. Rh3 Rf5 49. a4 Rxe5 50. Kb3 b6 51. f4 Re4 52. Rf3 f6 53. Ka3 Kh6 54. Kb3 g5 55. hxg5+ fxg5 56. f5 g4 57. Rf1 Re8 58. f6 Rf8 59. Kb4 h4 60. Kb5 Rb8 61. f7 Kg7 62. Rf4 g3 63. Rxh4 Kxf7 64. Rf4+ Ke6 65. Rg4 Kd7 66. Rxg3 Kc7 67. Rg7+ Kc8 68. Rg8+ Kb7 69. Rxb8+ Kxb8 70. Kxb6 Ka8 71. a5 Kb8 72. Kc6 Ka7 73. Kb5 Kb7 74. a6+ Ka7 75. Ka5 Ka8 76. Kb6 Kb8 77. a7+ Ka8 78. Ka6 1/2-1/2

[Event "Quebec-ch U12"]
[Site "Montreal CAN"]
[Date "2012.11.25"]
[Round "5"]
[White "Wang, Kelly"]
[Black "Saine, Zachary"]
[Result "1-0"]
[WhiteElo "1697"]
[BlackElo "1437"]
[PlyCount "129"]
[GameId "2160767909411293"]
[EventDate "2012.11.23"]
[EventType "swiss"]
[EventRounds "5"]
[EventCountry "CAN"]
[SourceTitle "EXT 2022"]
[Source "ChessBase"]
[SourceDate "2021.10.06"]
[SourceVersion "1"]
[SourceVersionDate "2021.10.06"]
[SourceQuality "1"]

1. e4 e5 2. Nf3 Nc6 3. Bc4 Nf6 4. d3 d6 5. h3 Be7 6. Nc3 Be6 7. Bb3 O-O 8. Be3 d5 9. exd5 Nxd5 10. Nxd5 Bxd5 11. Bxd5 Qxd5 12. O-O e4 13. dxe4 Qxe4 14. c3 Rad8 15. Qe2 Qd3 16. Qxd3 Rxd3 17. Rfd1 Rfd8 18. Rxd3 Rxd3 19. Nd4 Nxd4 20. Bxd4 Bf6 21. Re1 h6 22. Bxf6 gxf6 23. Re2 a5 24. f4 b5 25. Kf2 c5 26. Ke1 c4 27. Rd2 Re3+ 28. Kf2 Re6 29. Rd5 Rb6 30. f5 Kg7 31. Ke3 Rb8 32. Kd4 h5 33. h4 Kf8 34. Kc5 Ke7 35. Kc6 b4 36. Rxa5 bxc3 37. bxc3 Rb2 38. Ra7+ Kf8 39. Kc5 Rxg2 40. Kxc4 Rg4+ 41. Kb5 Rxh4 42. c4 Rh2 43. c5 Rb2+ 44. Kc4 Rc2+ 45. Kd4 h4 46. Ra3 Ke7 47. Kd5 Rd2+ 48. Kc6 Rh2 49. Kc7 h3 50. c6 Rh1 51. Re3+ Kf8 52. Rd3 Ke7 53. Rb3 Kf8 54. Kb7 Rc1 55. Rxh3 Rb1+ 56. Kc8 Rc1 57. c7 Ke7 58. Rd3 Rc2 59. a4 Rc5 60. Kb7 Ra5 61. c8=Q Rb5+ 62. Ka7 Ra5+ 63. Qa6 Rxf5 64. Kb7 Kf8 65. Qa8+ 1-0

[Event "Quebec-ch U12"]
[Site "Montreal CAN"]
[Date "2012.11.25"]
[Round "5"]
[White "Yang, Eddie"]
[Black "Saha, Ananda"]
[Result "0-1"]
[WhiteElo "1414"]
[BlackElo "1560"]
[PlyCount "56"]
[GameId "2160767909411294"]
[EventDate "2012.11.23"]
[EventType "swiss"]
[EventRounds "5"]
[EventCountry "CAN"]
[SourceTitle "EXT 2022"]
[Source "ChessBase"]
[SourceDate "2021.10.06"]
[SourceVersion "1"]
[SourceVersionDate "2021.10.06"]
[SourceQuality "1"]

1. d4 d5 2. c4 e6 3. Nc3 Nf6 4. Nf3 Be7 5. e3 Nbd7 6. Bd3 dxc4 7. Bxc4 b6 8. O-O Bb7 9. b3 O-O 10. Bb2 a6 11. Bd3 c5 12. a4 cxd4 13. Nxd4 Nc5 14. f4 Nd5 15. Qe2 Nxd3 16. Qxd3 Nxc3 17. Qxc3 Bf6 18. Rad1 Rc8 19. Qd3 e5 20. fxe5 Bxe5 21. Qf5 Rc5 22. Qf2 Bxd4 23. exd4 Rg5 24. g3 Qd5 25. Qd2 Qh1+ 26. Kf2 Qxh2+ 27. Ke3 Rxg3+ 28. Rf3 Rxf3# 0-1

[Event "Quebec-ch U12"]
[Site "Montreal CAN"]
[Date "2012.11.25"]
[Round "5"]
[White "Yip, William"]
[Black "Fan, Run Kun"]
[Result "0-1"]
[WhiteElo "1642"]
[BlackElo "1462"]
[PlyCount "78"]
[GameId "2160767909411295"]
[EventDate "2012.11.23"]
[EventType "swiss"]
[EventRounds "5"]
[EventCountry "CAN"]
[SourceTitle "EXT 2022"]
[Source "ChessBase"]
[SourceDate "2021.10.06"]
[SourceVersion "1"]
[SourceVersionDate "2021.10.06"]
[SourceQuality "1"]

1. d4 Nf6 2. c4 g6 3. Nc3 d5 4. cxd5 Nxd5 5. e4 Nxc3 6. bxc3 c5 7. Nf3 Bg7 8. Rb1 O-O 9. Be2 Nc6 10. d5 Bxc3+ 11. Bd2 Bxd2+ 12. Nxd2 Nd4 13. O-O b5 14. Nb3 Nxe2+ 15. Qxe2 Qb6 16. Rfc1 c4 17. Nd2 Qa5 18. Nf3 Bd7 19. Nd4 Rfc8 20. e5 Qb6 21. Nxb5 Bxb5 22. a4 a6 23. Qb2 Rab8 24. axb5 axb5 25. Qb4 Qc5 26. Qxc5 Rxc5 27. d6 exd6 28. exd6 Rd8 29. f3 Rxd6 30. Re1 c3 31. Kf2 c2 32. Rbc1 b4 33. Re8+ Kg7 34. Ke2 Rb6 35. Kd2 b3 36. Ree1 Rd6+ 37. Ke2 Re5+ 38. Kf2 Rxe1 39. Kxe1 b2 0-1

[Event "Quebec-ch U14"]
[Site "Montreal CAN"]
[Date "2012.11.23"]
[Round "1"]
[White "Chiku-Ratte, Olivier-Kenta"]
[Black "Zhu, Hong Rui"]
[Result "1-0"]
[WhiteElo "2207"]
[BlackElo "2103"]
[PlyCount "143"]
[GameId "2160767909411296"]
[EventDate "2012.11.23"]
[EventType "tourn"]
[EventRounds "4"]
[EventCountry "CAN"]
[SourceTitle "EXT 2022"]
[Source "ChessBase"]
[SourceDate "2021.10.06"]
[SourceVersion "1"]
[SourceVersionDate "2021.10.06"]
[SourceQuality "1"]

1. d4 d5 2. c4 e6 3. Nc3 Nf6 4. cxd5 exd5 5. Bg5 Be7 6. e3 c6 7. Bd3 O-O 8. Qc2 Nbd7 9. Nf3 Re8 10. O-O Nf8 11. h3 Be6 12. Rab1 Ne4 13. Bxe7 Rxe7 14. b4 Nxc3 15. Qxc3 Rc8 16. Rbc1 Ng6 17. Qb2 a6 18. a4 Qd7 19. Kh2 Qd6+ 20. Kg1 Qd7 21. Bxg6 hxg6 22. Ne5 Qe8 23. Rc3 f6 24. Nd3 g5 25. Rfc1 Bf5 26. Qe2 Qg6 27. Nc5 g4 28. hxg4 Bxg4 29. f3 Be6 30. b5 axb5 31. axb5 Bf7 32. bxc6 bxc6 33. Na6 Qg5 34. Nb4 c5 35. Rxc5 Rxc5 36. Rxc5 Rxe3 37. Qd2 Qf4 38. Rc8+ Kh7 39. Rf8 Bg6 40. Nxd5 Qd6 41. Nxe3 Qxf8 42. d5 Qd6 43. Qd4 Bf7 44. Nf5 Qd7 45. Qh4+ Kg8 46. Qe4 g6 47. Ne3 Kg7 48. Qd4 Qd6 49. Kf2 Kh7 50. Qh4+ Kg7 51. Ng4 Qf4 52. d6 Qd2+ 53. Kg1 Qd1+ 54. Kf2 Qd2+ 55. Kg3 Qxd6+ 56. f4 Qe6 57. Qh6+ Kg8 58. Kh3 Qf5 59. Kg3 Qe6 60. Qh1 Kg7 61. Qa1 Qb3+ 62. Kh2 Qe6 63. Kh3 Qf5 64. Kg3 Qd3+ 65. Kh4 Qf5 66. Qd4 Be6 67. Ne3 Qa5 68. Kg3 Qe1+ 69. Kf3 Qa5 70. Qe4 Bf7 71. g4 Qe1 72. Nf5+ 1-0

[Event "Quebec-ch U14"]
[Site "Montreal CAN"]
[Date "2012.11.23"]
[Round "1"]
[White "Luo, Wei Han"]
[Black "Yu, Zong Yang"]
[Result "0-1"]
[WhiteElo "1008"]
[BlackElo "2099"]
[PlyCount "86"]
[GameId "2160767909411297"]
[EventDate "2012.11.23"]
[EventType "tourn"]
[EventRounds "4"]
[EventCountry "CAN"]
[SourceTitle "EXT 2022"]
[Source "ChessBase"]
[SourceDate "2021.10.06"]
[SourceVersion "1"]
[SourceVersionDate "2021.10.06"]
[SourceQuality "1"]

1. d4 Nf6 2. Bg5 Ne4 3. Bf4 c5 4. f3 Nf6 5. d5 d6 6. e4 e5 7. Bg5 a6 8. c4 Be7 9. g3 Nxd5 10. cxd5 Bxg5 11. Bh3 Be3 12. Ke2 Bd4 13. Bxc8 Qxc8 14. Qd2 Nd7 15. Nc3 b5 16. Ke1 O-O 17. Nce2 Nb6 18. Nxd4 cxd4 19. b3 Qc3 20. Rc1 Qxd2+ 21. Kxd2 Rfc8 22. Ne2 Rc5 23. f4 f6 24. Rc2 Rxc2+ 25. Kxc2 Rc8+ 26. Kd3 Nd7 27. Rc1 Nc5+ 28. Rxc5 dxc5 29. Kd2 c4 30. b4 a5 31. a3 axb4 32. axb4 Ra8 33. Nc1 h5 34. h3 h4 35. g4 exf4 36. Ne2 Ra2+ 37. Kd1 Rxe2 38. Kxe2 c3 39. d6 Kf8 40. g5 f3+ 41. Kxf3 c2 42. d7 Ke7 43. gxf6+ gxf6 0-1

[Event "Quebec-ch U14"]
[Site "Montreal CAN"]
[Date "2012.11.24"]
[Round "2"]
[White "Shi, Ling Yun"]
[Black "Luo, Wei Han"]
[Result "1-0"]
[WhiteElo "1724"]
[BlackElo "1008"]
[PlyCount "83"]
[GameId "2160767909411298"]
[EventDate "2012.11.23"]
[EventType "tourn"]
[EventRounds "4"]
[EventCountry "CAN"]
[SourceTitle "EXT 2022"]
[Source "ChessBase"]
[SourceDate "2021.10.06"]
[SourceVersion "1"]
[SourceVersionDate "2021.10.06"]
[SourceQuality "1"]

1. e4 c6 2. d4 d5 3. e5 Bf5 4. Nf3 e6 5. Be2 c5 6. Be3 Qb6 7. b3 Nc6 8. c3 c4 9. Nh4 cxb3 10. axb3 Nge7 11. O-O Bg6 12. Nxg6 Nxg6 13. Kh1 Be7 14. f4 Nh4 15. g4 f5 16. Bf2 O-O 17. Bxh4 Bxh4 18. gxf5 exf5 19. Nd2 Ne7 20. Nf3 Ng6 21. Nxh4 Nxh4 22. b4 Rac8 23. Qb3 Rfd8 24. Ra5 Rc6 25. Rxd5 Kh8 26. Rxd8+ Qxd8 27. Bf3 Qc7 28. Bxc6 Qxc6+ 29. d5 Qg6 30. Qc2 Qa6 31. c4 b6 32. b5 Qb7 33. Qf2 Qe7 34. Rd1 Ng6 35. d6 Qb7+ 36. Rd5 Nf8 37. Qh4 g6 38. Qf6+ Kg8 39. e6 Qb8 40. Qf7+ Kh8 41. e7 Qxd6 42. Qxf8# 1-0